Loading...
| Literature - European Literature | 0 | 3 | 0 | 1 | 30 | 54 | 88.33 | 2 | 3 |
| Fine Arts - Other Fine Arts | 0 | 2 | 0 | 0 | 20 | 61 | 101.00 | 1 | 2 |
| Religion | 0 | 2 | 0 | 1 | 20 | 110 | 115.00 | 0 | 1 |
| Geography/Current Events | 0 | 1 | 0 | 1 | 10 | 120 | 120.00 | 0 | 0 |
| Pop Culture | 0 | 1 | 0 | 0 | 10 | 44 | 44.00 | 1 | 1 |
| Social Science | 0 | 1 | 0 | 1 | 10 | 104 | 104.00 | 0 | 1 |
| Science - Other Science | 0 | 1 | 0 | 0 | 10 | 89 | 89.00 | 1 | 1 |
| Fine Arts - Visual Fine Arts | 0 | 1 | 0 | 0 | 10 | 90 | 90.00 | 0 | 1 |
| Literature - World/Other Literature | 0 | 1 | 0 | 0 | 10 | 91 | 91.00 | 0 | 1 |
| Philosophy | 0 | 1 | 0 | 1 | 10 | 121 | 121.00 | 0 | 1 |
| Literature - American Literature | 0 | 1 | 2 | 0 | 0 | 48 | 48.00 | 1 | 1 |
| Literature - British Literature | 0 | 0 | 0 | 0 | 0 | 0.00 | 0 | 0 | |
| History - American History | 0 | 0 | 1 | 0 | -5 | 0.00 | 0 | 0 |